书目信息 |
| 题名: |
品读随笔
|
|
| 作者: | 罗代国, 主编 | |
| 分册: | ||
| 出版信息: | 长春 东北师范大学出版社 2017 |
|
| 页数: | 10, 270页 | |
| 开本: | 24cm | |
| 丛书名: | 名师名校名校长书系 | |
| 单 册: | ||
| 中图分类: | G634.303 | |
| 科图分类: | ||
| 主题词: | 中学语文课--zhong xue yu wen ke--高中--教学参考资料 | |
| 电子资源: | ||
| ISBN: | 978-7-5681-3018-9 | |
| 000 | 01167nam 2200301 450 | |
| 001 | 012001004067 | |
| 005 | 20131016102847.0 | |
| 010 | @a978-7-5681-3018-9@dCNY36.00 | |
| 099 | @aCAL 012019001219 | |
| 100 | @a20181102d2017 em y0chiy50 ea | |
| 101 | 0 | @achi |
| 102 | @aCN@b220000 | |
| 105 | @ay a 000yy | |
| 106 | @ar | |
| 200 | 1 | @a品读随笔@Apin du sui bi@e读经典之作 品语言之美@f罗代国主编 |
| 210 | @a长春@c东北师范大学出版社@d2017 | |
| 215 | @a10, 270页@d24cm | |
| 225 | 2 | @a名师名校名校长书系@Aming shi ming xiao ming xiao zhang shu xi |
| 314 | @a罗代国, 1966年出生, 中学语文高级教师, 深圳市名师工作室主持人。 | |
| 320 | @a有书目 (第270页) | |
| 330 | @a本书收录了针对粤教版语文教材中作品片段的品读, 内容包括: 《我很重要》《北大是我美丽羞涩的梦》《留取丹心照汗青》《我的回顾》《荷塘月色》《我与地坛》等文章。 | |
| 410 | 0 | @12001 @a名师名校名校长书系 |
| 517 | 1 | @a读经典之作 品语言之美@Adu jing dian zhi zuo pin yu yan zhi mei |
| 606 | 0 | @a中学语文课@Azhong xue yu wen ke@x高中@j教学参考资料 |
| 690 | @aG634.303@v5 | |
| 701 | 0 | @a罗代国,@Aluo dai guo@f1966-@4主编 |
| 801 | @b江苏凤凰@c20191020 | |
| 905 | @b1234691-6@dG634.303@e1573@f6 | |
| 品读随笔:读经典之作 品语言之美/罗代国主编.-长春:东北师范大学出版社,2017 |
| 10, 270页;24cm.-(名师名校名校长书系) |
| ISBN 978-7-5681-3018-9:CNY36.00 |
| 本书收录了针对粤教版语文教材中作品片段的品读, 内容包括: 《我很重要》《北大是我美丽羞涩的梦》《留取丹心照汗青》《我的回顾》《荷塘月色》《我与地坛》等文章。 |
| ● |
| 相关链接 |
|
|
|
|
正题名:品读随笔
索取号:G634.303/1573
 
预约/预借
| 序号 | 登录号 | 条形码 | 馆藏地/架位号 | 状态 | 备注 |
| 1 | 1234691 | 212346914 | 第一样本阅览室/ [索取号:G634.303/1573] | 在馆 | |
| 2 | 1234692 | 212346923 | 第四借阅区/ [索取号:G634.303/1573] | 在馆 | |
| 3 | 1234693 | 212346932 | 第四借阅区/ [索取号:G634.303/1573] | 在馆 | |
| 4 | 1234694 | 212346941 | 教育系资料室/ [索取号:G634.303/1573] | 在馆 | |
| 5 | 1234695 | 212346950 | 教育系资料室/ [索取号:G634.303/1573] | 在馆 | |
| 6 | 1234696 | 212346969 | 教育系资料室/ [索取号:G634.303/1573] | 在馆 |